Loading...
| History - World History | 0 | 3 | 0 | 2 | 30 | 111 | 116.33 | 3 | 3 |
| History - Other History | 0 | 2 | 0 | 0 | 20 | 83 | 95.00 | 0 | 2 |
| Literature - British Lit | 1 | 0 | 0 | 0 | 15 | 63 | 63.00 | 1 | 1 |
| Beliefs - Religion | 0 | 1 | 0 | 0 | 10 | 64 | 64.00 | 1 | 1 |
| Thought - Social Science | 0 | 1 | 0 | 0 | 10 | 103 | 103.00 | 1 | 1 |
| Arts - Painting | 0 | 1 | 0 | 0 | 10 | 114 | 114.00 | 1 | 1 |
| Beliefs - Mythology | 0 | 1 | 0 | 1 | 10 | 133 | 133.00 | 1 | 1 |
| Literature - World Lit | 0 | 1 | 0 | 1 | 10 | 138 | 138.00 | 0 | 1 |
| Other - Geo/CE | 0 | 1 | 0 | 1 | 10 | 103 | 103.00 | 0 | 1 |
| Other - Other Academic | 0 | 1 | 0 | 1 | 10 | 139 | 139.00 | 0 | 1 |
| Arts - Music | 1 | 0 | 1 | 0 | 10 | 55 | 55.00 | 1 | 1 |
| History - American History | 0 | 1 | 1 | 0 | 5 | 77 | 77.00 | 1 | 1 |
| Arts - Other Arts | 0 | 0 | 0 | 0 | 0 | 0.00 | 0 | 0 | |
| Other - Pop Culture | 0 | 1 | 2 | 0 | 0 | 118 | 118.00 | 1 | 1 |
| History - Euro History | 0 | 0 | 1 | 0 | -5 | 0.00 | 0 | 0 |